00386nam a2200145Ia 4500008004100000020001500041041001200056082001600068100002000084245005700104260003900161300000800200650001600208700001600224221030s9999 xx 000 0 und d a9814057592 aEnglish a105.23bSch aG. P. Schneider 0aElectronic Commercecby G. P. Schneider, J. T. Perry bThomson LearningaNew Delhic2000 a408 aBE Computer aJ. T. Perry